000 00914nam a22002897a 4500
001 4530
003 FISKH
005 20240913111500.0
008 240913b cb ||||| |||| 00| 0 eng d
020 _a0440482534
040 _aFISKH
_beng
_cFISKH
_dFISKH
050 _aPZ7.B6265
082 _2813.54
100 _aBlume, Judy
_d1938-
245 _aStarring sally J.Freedman as herself /
_cJudy Blume
250 _aPublished in 1986
260 _aNew York :
_bDell,
_c1986
300 _a298 pages :
_c20cm
505 _aN
520 _aWhile spending the winter of 1947-48 in Miami Beach with her family, ten-year-old Sally makes up stories, casts herself in starring roles in movies, and encounters a sinister stranger.
521 8 _a560L
_bLexile
521 8 _aN
_bRaz-Plus
650 _2Young adult
_aFamily
_vFlorida
650 _2WWII
_aComing of age
942 _2ddc
_cBK
_n0
999 _c4530
_d4530